|
|
|
|
| LEADER |
01761nam a2200445 a 4500 |
| 001 |
000738784 |
| 003 |
CZ BrMZK |
| 005 |
20090922081149.0 |
| 007 |
ta |
| 008 |
040929s2004 xr ad erp 001 0 cze d |
| 015 |
|
|
|a cnb001415751
|
| 020 |
|
|
|a 80-01-03036-9
|q (brož.) :
|c Kč 201,00
|
| 035 |
|
|
|a (OCoLC)85118743
|
| 040 |
|
|
|a BOA001
|b cze
|
| 072 |
|
7 |
|a 621.39
|x Sdělovací technika
|2 Konspekt
|9 19
|
| 072 |
|
7 |
|a 37.016
|x Učební osnovy. Vyučovací předměty. Učebnice
|2 Konspekt
|9 22
|
| 080 |
|
|
|a 621.396.96
|2 MRF
|
| 080 |
|
|
|a 621.396.965
|2 MRF
|
| 080 |
|
|
|a 535-12
|2 MRF
|
| 080 |
|
|
|a 621.396.962
|2 MRF
|
| 080 |
|
|
|a (075.8)
|2 MRF
|
| 100 |
1 |
|
|a Bezoušek, Pavel,
|d 1943-
|7 ntka172038
|4 aut
|
| 245 |
1 |
0 |
|a Radarová technika /
|c Pavel Bezoušek, Pavel Šedivý
|
| 250 |
|
|
|a Vyd. 1.
|
| 260 |
|
|
|a Praha :
|b Vydavatelství ČVUT,
|c 2004
|
| 300 |
|
|
|a vi, 217 s. :
|b il., grafická znázornění ;
|c 30 cm
|
| 500 |
|
|
|a 150 výt.
|
| 504 |
|
|
|a Obsahuje bibliografii a rejstřík
|
| 550 |
|
|
|a Vydavatel: České vysoké učení technické v Praze. Fakulta elektrotechnická
|
| 650 |
0 |
7 |
|a radary
|7 ph124969
|2 czenas
|
| 650 |
0 |
7 |
|a radarová technika
|7 ph258297
|2 czenas
|
| 650 |
0 |
7 |
|a radarové antény
|7 ph258298
|2 czenas
|
| 650 |
0 |
7 |
|a rádiové vlny
|7 ph125383
|2 czenas
|
| 655 |
|
7 |
|a učebnice vysokých škol
|7 fd133772
|2 czenas
|
| 700 |
1 |
|
|a Šedivý, Pavel,
|d 1974-
|7 ntka174548
|4 aut
|
| 710 |
2 |
|
|a České vysoké učení technické v Praze.
|b Elektrotechnická fakulta
|7 kn20010710175
|
| 910 |
|
|
|a BOA001
|b 3-1140.410
|
| 990 |
|
|
|a BK
|
| 996 |
6 |
|
|b 2610229188
|c 3-1140.410
|l MZK
|r Sklad / do 1 hodiny
|n 2
|p p.v.
|w 000738784
|u 000010
|a 1
|e BOA001
|j MZK50
|s P
|
| 996 |
7 |
|
|b 2610231493
|c 3-1140.410
|l Vol.výběr
|r VV 1p
|n 33
|p kup
|h 621.39 BEZ
|w 000738784
|u 000020
|a 0
|e BOA001
|j MZK50
|s A
|